True Blood Characters Quiz Stats

 Plays Quiz Updated Sep 5, 2019

Score 0/25 Timer 07:00
6 Plays Today
Species Name % Correct
Human (Telepath)Sookie Stackhouse
97.6%
VampireBill Compton
96.9%
VampireEric Northman
92.6%
ShapeshifterSam Merlotte
88.1%
HumanJason Stackhouse
87.7%
VampireTara Thornton
82.1%
VampireJessica Hamby
71%
Vampire (Deceased)Sophie-Anne
70.2%
HumanLafayette Reynolds
70.1%
VampirePamela Swynford De Beaufort
66.2%
HumanAndy Bellefleur
56.3%
Human (Deceased)Adele Stackhouse
49.8%
HumanArlene Fowler
49.3%
Species Name % Correct
Maenad (Deceased)Maryann Forrester
49.2%
HumanHoyt Fortenberry
47.7%
Human (Deceased)Benedict Talley
46.3%
Human (Deceased)Terry Bellefleur
46.1%
Human (Deceased)Rene Lenier
39.5%
Vampire (Deceased)Godric
35.3%
Human (Deceased)Sheriff Bud Dearborne
32.4%
Shapeshifter (Deceased)Daphne Landry
24.5%
Human (Deceased)Amy Burley
24.2%
HumanSarah Newlin
22.1%
Vampire (Deceased)Steve Newlin
21.1%
HumanLettie Mae Daniels
19.3%

You're not logged in!

Compare scores with friends on all Sporcle quizzes.
OR
Log In

Sporcle TV

Today on Sporcle TV


Watch our educational content, quiz creation guides, and fun videos on Sporcle TV.

Show Comments

Extras

Top Quizzes Today


Score Distribution

Your Account Isn't Verified!

In order to create a playlist on Sporcle, you need to verify the email address you used during registration. Go to your Sporcle Settings to finish the process.

Report this User

Report this user for behavior that violates our Community Guidelines.

Details: